LEADER 01029nam a2200229 i 4500 001 000000187186 003 CaOOAMICUS 005 20100311000000.0 008 100311s1949 it u000 u ita u 013 $a165247 040 $aSeMil$bita 100 1 $aDobretsberger, Josef.$0(OLS)http://semarc/name/68693 240 10$aKatholische Sozialpolitik am Scheideweg.$0(OLS)http://semarc/title/269261 245 13$aLa politica sociale cattolica al bivio /$cJosef Dobretsberger ; prefazione del Ministro Antonio Segni. 260 $aPisa :$bNistri-Lischi,$c1949. 300 $a218 p. ;$c19 cm. 650 4$aPolitica sociale.$0(OLS)http://semarc/subject/19682 700 1 $aSegni, Antonio,$c.$0(OLS)http://semarc/name/68694 850 $aSeMil 852 $aSeMil$W1$xVenegono$y1$m3F II 34$j137873$B137873$CSeMilBibl$Z2$F149349 $81 996 $6245$aLa politica sociale cattolica al bivio$9(OLS)http://semarc/title/269260 996 $6260$aPisa :$bNistri-Lischi$9(OLS)http://semarc/publisher/33669 LEADER 01188nam a2200229 i 4500 001 000000049310 003 CaOOAMICUS 005 20090528000000.0 008 090528s1995 it u000 u ita u 013 $a20480 040 $aSeMil$bita 245 10$aItinerari di ricerca in pedagogia :$bsaggi in onore di Roberto Zavalloni /$ca cura di Ferdinando Montuschi. 260 $aRoma :$bDipartimento di scienze dell'educazione, 3. Università degli studi di Roma,$cstampa 1995$e(Luogo di manifattura non identificato :$fDataCoop,$gstampa 1995) 300 $aV, 252 p. ;$c24 cm. 650 4$aPedagogia.$0(OLS)http://semarc/subject/1060 700 1 $aMontuschi, Ferdinando.$0(OLS)http://semarc/name/24421 700 1 $aZavalloni, Roberto .$0(OLS)http://semarc/name/90551 850 $aSeMil 852 $aSeMil$W1$xVenegono$y1$m2Q IV 235$j15465$B15465$CSeMilBibl$Z2$F15465 $81 961 $aOmaggio: Scuola Cattolica 996 $6245$aItinerari di ricerca in pedagogia :$bsaggi in onore di Roberto Zavalloni$9(OLS)http://semarc/title/74926 996 $6260$aRoma :$bDipartimento di scienze dell'educazione, 3. Università degli studi di Roma$9(OLS)http://semarc/publisher/41102